Neuropsychiatrický lupus (NPSLE)

Podrobná bibliografia
Hlavní autori: Dostál, Ctibor, 1927-2013 (Autor), Olejárová, M. (Autor)
Korporatívny autor: Zjazd slovenských a českých reumatológov (Autor)
Médium: Konferenčný príspevok Článok
Jazyk:slovenčina
čeština
ISSN:1210-1931
Predmet:

MARC

LEADER 00000nab a2200000 a 4500
001 vtls008875875
003 SK-MaSNL
005 20260304134313.0
008 250505c2005 xo 0 slo
015 |a SNBCL2005/5 
035 |a SLK037037 
035 |a urn:nbn:sk:snk-ab6tqx 
035 |a (uuid)d7f8d018-52b1-4d49-b3b0-02f65b699f4a 
035 |a (urnnbn)urn:nbn:sk:snk:ar-a05u5v 
035 |a (sysno)vtls008875875 
040 |a SNKBUCL  |b slo  |c SNKBUCL  |e AACR2 
041 0 |a cze 
044 |a xo  |c SK 
080 |a 616.8/.89-002.524:061.3  |2 1981 
100 1 |a Dostál, Ctibor,  |d 1927-2013  |4 aut  |9 252323 
245 1 0 |a Neuropsychiatrický lupus (NPSLE)  |c C. Dostál, M. Olejárová 
650 0 7 |a lupus vasculitis centrálneho nervového systému  |2 MESH  |9 92540 
700 1 |a Olejárová, M.  |4 aut  |9 784181 
711 1 |a Zjazd slovenských a českých reumatológov  |n (49. :  |d 2005 :  |c Piešťany, Slovensko)  |4 aut  |9 92538 
773 0 |t Rheumatologia  |g Roč. 19, č. 4 (2005), s. 176  |x 1210-1931 
850 |a Slovenská národná knižnica 
852 |a Slovenská národná knižnica 
958 |a article27 
958 |a OND 
958 |a EUIPO 
999 |c 2906212  |d 2908142